000 00790cam a2200265 a 4500
001 000003629
003 DO-SdBNP
005 20220906114533.0
007 ta
008 920825s1994 ag 000 1 spa
020 _a9501513971
040 _aDO-SdBNP
_bspa
_cBNPHU
082 4 _a813.54
_bG794p
_222
100 1 _aGreeley, Andrew M.,
_d1928-
_911143
245 1 3 _aLa perdida de la gracia /
_cAndrew M. Greeley ; traducción Silvia Sassone.
260 _aBuenos Aires :
_bJavier Vergara,
_c1994.
300 _a366 p. ;
_c24 cm.
500 _aTítulo original: Fall from Grace
590 _aInventariado, 2022 / DG
650 4 _aNovela estadounidense
_9262
650 4 _aLiteratura estadounidense
_9263
700 1 _aSassone, Silvia,
_etr.
_911144
910 _aDG
942 _2ddc
_cLBS1
999 _c3452
_d3452